UBT Library

Structure & function of the body / (Record no. 44500)

000 -LEADER
fixed length control field 00716pam a2200253 a 4500
001 - CONTROL NUMBER
control field 598361
005 - DATE AND TIME OF LATEST TRANSACTION
control field 20180308082209.0
008 - FIXED-LENGTH DATA ELEMENTS--GENERAL INFORMATION
fixed length control field 910618s1992 moua 001 0 eng c
010 ## - LIBRARY OF CONGRESS CONTROL NUMBER
LC control number 91025388
020 ## - INTERNATIONAL STANDARD BOOK NUMBER
International Standard Book Number 0801664047 (pbk.)
020 ## - INTERNATIONAL STANDARD BOOK NUMBER
International Standard Book Number 0801664039 (hdb.)
040 ## - CATALOGING SOURCE
Original cataloging agency DNLM/DLC
Transcribing agency DLC
Modifying agency DLC
041 ## - LANGUAGE CODE
Language code of text/sound track or separate title eng
060 ## - NATIONAL LIBRARY OF MEDICINE CALL NUMBER
Classification number QS 4 T427s
080 ## - UNIVERSAL DECIMAL CLASSIFICATION NUMBER
Universal Decimal Classification number 612 GAR
082 00 - DEWEY DECIMAL CLASSIFICATION NUMBER
Classification number 612 GAR
Edition number 20
100 1# - Rafti
Rafti 6
101 ## - Shkurtesa
Shkurtesa ANA
245 10 - TITLE STATEMENT
Title Structure & function of the body /
Statement of responsibility, etc Gary A. Thibodeau with contributions from Kevin T. Patton.
740 0# - ADDED ENTRY--UNCONTROLLED RELATED/ANALYTICAL TITLE
Uncontrolled related/analytical title Structure and function of the body.
906 ## - LOCAL DATA ELEMENT F, LDF (RLIN)
a 7
b cbc
c orignew
d 1
e ocip
f 19
g y-gencatlg
942 ## - ADDED ENTRY ELEMENTS (KOHA)
Source of classification or shelving scheme
Item type Books
Holdings
Withdrawn status Lost status Source of classification or shelving scheme Damaged status Not for loan Collection code Permanent location Current location Shelving location Date acquired Total Checkouts Full call number Barcode Date last seen Price effective from Koha item type
          Koleksioni i përgjithshem UBT - Lipjan UBT - Lipjan Koleksioni i përgjithshem 03/08/2018   612 GAR 002-3001305 03/08/2018 03/08/2018 Books
UBT Library © 2015-2024. All rights reserved University Education for Business and Technology